000 00917nam a2200265Ia 4500
003 OSt
005 20221007124008.0
006 a|||||r|||| 00| 0
007 ta
008 221006b |||||||| |||| 00| 0 eng d
020 _a8173196931 (pbk)
024 _a83567
037 _b1237, 23/02/2009, Educational Book Agency (India)
_cTextbook
040 _aCDL
_cCDL
_beng
041 _2eng
_aeng
082 _aE9, P5;3-;4 Carc
100 _aKumar Baldev
_9718280
245 0 _aBiogenesis of natural products
_b Chopra Harish Kumar
260 _aNew
_bDelhi Narosa Publishing
_c2005
300 _ax, 296p.
_ccm.
500 _aIncludes bibliographical references.; Index 286-296p.
700 _a Chopra Harish Kumar
_9718281
942 _hE9, P5;3-;4 Carc
_cTB
_2CC
999 _c1212771
_d1212771